Former to Present Geographic Name - Statistics

General Stats
  • This quiz has been taken 4,278 times
    4,222 since last reset
  • The average score is 15 of 23
Answer Stats
Former name Modern name Date changed % Correct
Persia Iran 1932
96%
Constantinople, Turkey Istanbul, Turkey 1930
95%
Peking, China Beijing, China 1980's
93%
Siam Thailand 1939
89%
Zaire Democratic Republic of the Congo 1997
87%
Bombay Mumbai 1995
87%
Ceylon Sri Lanka 1972
86%
Edo, Japan Tokyo, Japan 1868
86%
Saigon, Vietnam Ho Chi Minh City, Vietnam 1975
84%
Rhodesia Zimbabwe 1980
79%
South-West Africa Namibia 1990
77%
Abyssinia Ethiopia 1941
76%
Calcutta Kolkata 2001
71%
British Honduras Belize 1973
69%
Formosa Taiwan 1684
67%
Nanking Nanjing 1980's
48%
Cape Verde Cabo Verde 2013
46%
Madras Chennai 1996
45%
Canton Guangzhou 1980's
44%
Cathay China (North) ~1605
40%
Gilbert Islands Kiribati 1979
31%
Bangalore Bengaluru 2006*
29%
Upper Canada Ontario 1840
24%
No matching quizzes found
Score Distribution
Percent of People with Each Score
Percentile by Number Answered
Your Score History
You have not taken this quiz since the last reset